| 000 | 00419nam a2200145 4500 | ||
|---|---|---|---|
| 999 |
_c4770 _d4770 |
||
| 008 | 200828b ||||| |||| 00| 0 eng d | ||
| 020 | _a81-7029-031 | ||
| 082 | 0 | 0 |
_a005.7565 _bS6131 |
| 100 |
_93802 _aSimpson, Alan |
||
| 245 | 1 | 0 |
_aD-base III plus programmers reference guide / _cby Alan Simpson |
| 260 |
_aNew Delhi : _bBPB Publication, _c1990. |
||
| 300 | _axiv, 1029 p. | ||
| 650 | 0 | _adBASE III plus | |
| 942 |
_2ddc _cBK |
||